Les William célèbres - Statistiques

Statistiques générales
  • Ce quiz a été pris 100 fois
  • Le résultat moyen est 3 sur 16
Statistiques - réponses
Par images Réponse % Correct
William Shakespeare
93%
Prince William
86%
William Leymergie
42%
William Sheller
23%
William Holden
13%
William Shatner
10%
William H. Macy
9%
William Fichtner
7%
William Hurt
7%
William Friedkin
5%
William Blake
4%
William Kidd
2%
William McKinley
2%
William Wyler
2%
William Fox
1%
William Lyons
0%
Aucun quiz correspondant
Distribution des résultats
% des personnes avec chaque résultat
Percentile par nombre de réponses
Votre historique - résultats
Vous n’avez pas pris ce quiz